000 00549nam a2200169 4500
001 112621
003 ES-MaACL
005 20230906185556.0
007 t|
008 061121s1969 sp r ||||1| spa d
100 1 _aMuñoz Valle, Isidoro.
_984511
245 1 0 _aEstudios sobre Séneca /
_cIsidoro Muñoz Valle.
260 _aCórdoba :
_bReal Academia de Bellas Artes,
_c1969.
300 _a67 p. 4 lám. ;
_c21 cm.
710 2 _aReal Academia de Córdoba de Ciencias, Bellas Letras y Nobles Artes.
_96302
852 _aES-MaACL
_jC-36442
_bR.69508
999 _c112621
_d112621